| 000 | 00459nam a22001817a 4500 | ||
|---|---|---|---|
| 003 | koha_MIRAKIL | ||
| 005 | 20231213095546.0 | ||
| 008 | 231213b |||||||| |||| 00| 0 ||| d | ||
| 020 | _b978-0-7587-6149-1 | ||
| 040 |
_aTR-IsEVY _btur _cTR-IsEVY |
||
| 082 | _a420 SCH/I | ||
| 100 | _aSCHWARTZ, ALVIN. | ||
| 245 | 0 | _aIN A DARK DARK ROOM AND OTHER SCARY STORIES. | |
| 260 |
_bHarper, _c1984 |
||
| 300 | _a63. | ||
| 650 | _aİngiliz Dili. | ||
| 942 |
_2ddc _cBK |
||
| 999 |
_c5636 _d5636 |
||